000 00464pab a2200181 454500
008 180718b1995 xxu||||| |||| 00| 0 eng d
100 _aMitra, Ashok
245 _aJudiciary as guardian of democracy
_bjudge and be judged.
260 _c1995
300 _ap.8
362 _a26 Jul
650 _aJustice, Administration of - India
650 _aJudges
650 _aCourts - India
650 _aJudiciary - India
773 _aDeccan Herald
909 _a29888
999 _c29888
_d29888